000 00819nam a2200253Ia 4500
003 GCL
005 20240530110908.0
008 140319s9999 xx 000 0 ara d
020 _a3974319953
040 _aGCL /
_cGCL
082 0 4 _a327.174
_bم ت
245 1 0 _aالتسلح ونزع السلاح و الامن الدولى :
_bالكتاب السنوى 2009 /
250 _aالاولى
260 _aبيروت :
_bمركز دراسات الوحدة العربية ،
_c2009
300 _a848 ص ؛
_c25سم
650 0 4 _aنزع السلاح
650 0 4 _aالامن الدولى
650 0 4 _aالحرب
650 0 4 _aالسلام العالمى
650 0 4 _aالاسلحة والتسليح
700 _4مترجم
_aحسن حسن
700 _4مترجم
_aعمر الايوبى
942 _2ddc
_cBK
999 _c66253
_d66253